Legal research and writing

Detalles Bibliográficos
Autor principal: Tjaden, Ted
Formato: Software eBook
Lenguaje:inglés
Publicado: Toronto: Irwin Law Inc., 2016
Materias:
Acceso en línea:Acceso restringido

MARC

LEADER 00000nam a22000007a 4500
005 20210819212817.0
007 co|||| |||
008 210819s2016 ca |||||s|||| 00||0 eng d
020 |a 978-1-55221-415-2 
035 |a 34982 
040 |a vLex 
090 |c 12070  |d 12070 
100 1 |a Tjaden, Ted 
245 1 0 |a Legal research and writing  |h [Recurso electrn̤ico] /  |c Ted Tjaden 
256 |a Servicio en ln̕ea 
260 |a Toronto:  |b Irwin Law Inc.,  |c 2016 
300 |a 1 recurso electrn̤ico 
506 1 |a Disponible solo en los productos indicados  |d vLex Global  |d vLex Global (Academic Edition, excluding Law Schools)  |d vLex Global (U.S. Academic Edition, Law Schools)  |d vLex Global (U.S. Academic Edition, excluding Law Schools)  |d vLex Global (Academic Edition, Law Schools) 
650 0 4 |a Derecho Pb︢lico y Administrativo  |z Canad̀ 
740 0 |a vLex Libros (Servicio en ln̕ea) 
856 4 0 |u https://app.vlex.com/#/sources/34982  |z Acceso restringido 
942 |c BOOK 
999 0 |a Public and Administrative Law